Statistics for D.R. Congo True or False?

Click here to take the quiz!

General Stats

  • This quiz has been taken 128 times
  • The average score is 11 of 15

Answer Stats

QuestionAnswer% Correct
The D.R. Congo was a Belgian colony until 1960.True
95%
D.R. Congo is the country which won the most Olympic medals in Africa.False
92%
The D.R. Congo is the biggest country in Africa.False
89%
Tintin visited the D.R. Congo.True
89%
The country was renamed Zaire in 1971.True
86%
There are less than 10 km between Kinshasa and Brazzaville.True
85%
The D.R. Congo and the Republic of the Congo were the same country until 2011.False
82%
With 213 languages spoken, D.R. Congo is the country with the most languages spoken in the world.False
82%
Ebola is named for the biggest moutain range of the country.False
75%
One of the Mobutu's nickname, who led the country between 1965 and 1997, was "the cock that leaves no hen untouched".True
73%
D.R. Congo is a landlocked country.False
70%
A Congolese has already won a Peace Nobel Prize.True
63%
Kinshasa is the biggest French-sepaking city in the world.True
61%
The D.R. Congo's currency is only officially used in this country.True
53%
Okapi, an endangered species living in D.R. Congo, is also called "forest zebra".False
22%

Score Distribution

Percentile by Number Answered

Percent of People with Each Score

Your Score History

You have not taken this quiz